La corte santa (Record no. 8520)
[ view plain ]
| 000 -CABECERA | |
|---|---|
| campo de control de longitud fija | 00940nam a2200229 a 4500 |
| 001 - NÚMERO DE CONTROL | |
| campo de control | BRCA_8869 |
| 005 - FECHA Y HORA DE LA ÚLTIMA TRANSACCIÓN | |
| campo de control | 20190320210437.0 |
| 008 - DATOS DE LONGITUD FIJA--INFORMACIÓN GENERAL | |
| campo de control de longitud fija | 140617s1750----sp-#######---#000-0#spa-# |
| 041 ## - CÓDIGO DE LENGUA | |
| Código de lengua del texto/banda sonora o título independiente | spa |
| 044 ## - CÓDIGO DEL PAÍS DE LA ENTIDAD EDITORA/PRODUCTORA | |
| Código MARC del país | sp |
| 084 ## - OTRO NÚMERO DE CLASIFICACIÓN | |
| Número de clasificación | BE251 |
| Número de documento/Ítem | .C38 1750 |
| 100 1# - ENTRADA PRINCIPAL--NOMBRE DE PERSONA | |
| Nombre de persona | Causino, Nicolas |
| Fechas asociadas al nombre | 1583 - 1651 |
| 9 (RLIN) | 22010 |
| 245 10 - MENCIÓN DE TÍTULO | |
| Título | La corte santa |
| Mención de responsabilidad, etc. | escrita en francés por el Rmo. P. Nicolas Causino; traducida en castellano por Don Francisco Antonio Cruzado, y Aragón; tomo quinto; que contiene el imperio de la razón sobre las passiones. |
| 260 ## - PUBLICACIÓN, DISTRIBUCIÓN, ETC. | |
| Lugar de publicación, distribución, etc. | Madrid |
| Nombre del editor, distribuidor, etc. | En la Imprenta de Antonio Perez de Soto |
| Fecha de publicación, distribución, etc. | 1750 |
| 300 ## - DESCRIPCIÓN FÍSICA | |
| Extensión | [6], 398 p. (t.5) |
| Dimensiones | 14.7 x 10.4 cm. |
| 500 ## - NOTA GENERAL | |
| Nota general | Con las Aprobaciones, y Licencias necessarias |
| 500 ## - NOTA GENERAL | |
| Nota general | Estado físico: presenta encuadernación en pergamino y con cintas rotas |
| 650 14 - PUNTO DE ACCESO ADICIONAL DE MATERIA--TÉRMINO DE MATERIA | |
| Término de materia o nombre geográfico como elemento de entrada | Vida cristiana |
| Subdivisión cronológica | Obras anteriores a 1800 |
| 9 (RLIN) | 21266 |
| 700 1# - PUNTO DE ACCESO ADICIONAL--NOMBRE DE PERSONA | |
| Nombre de persona | Cruzado, Francisco Antonio |
| Término indicativo de función/relación | tr. |
| 9 (RLIN) | 22088 |
| 902 ## - CATALOGADOR | |
| Iniciales | CFM |
| 942 ## - ELEMENTOS DE PUNTO DE ACCESO ADICIONAL (KOHA) | |
| Fuente del sistema de clasificación o colocación | Library of Congress Classification |
| Tipo de ítem Koha | Libros |
| Estado de retiro | Estado de pérdida | Estado dañado | No para préstamo | Localización permanente | Ubicación/localización actual | Fecha de adquisición | Total de préstamos | Signatura topográfica completa | Código de barras | Fecha visto por última vez | Precio válido a partir de | Tipo de ítem Koha |
|---|---|---|---|---|---|---|---|---|---|---|---|---|
| El ejemplar forma parte de la colección y puede ser consultado según las políticas vigentes. | Biblioteca del Museo Franz Mayer (Rogerio Casas-Alatriste) | Biblioteca del Museo Franz Mayer (Rogerio Casas-Alatriste) | 14/06/2017 | BE251 .C38 1750 | CFM00192 | 22/03/2019 | 22/03/2019 | Libros |